000 00885nam a2200289 i 4500
003 EG-GICUC
005 20260423084548.0
008 260423s1937 fr fr|||| 00| 0 fre d
040 _aEG-GiCUC
_bfre
_cEG-GiCUC
_dEG-GiCUC
_eRda
041 _afre
082 0 4 _221
_a343.5
_bCO
092 0 4 _221
099 _aLaw1 10 343.5 CO 1937
110 1 _a Egypt.
_b Ministère De La Justice .
245 1 0 _a Code Pénal /
_cMinistère De La Justice.
264 _aLe Caire :
_b Imprimerie Nationale,
_c 1937.
300 _a175 page ;
_c 24 cm.
336 _2rda contenu
_a texte
337 _2rda medias
_aOrdinateur
338 _2 transporteur rda
_a Ressource en ligne
546 _aTexte en français
650 1 _aDroit pénal
_zÉgypte
_2qrmak
651 1 _2qrmak
856 4 0 _uhttps://fll.law.cu.edu.eg/fulltext/bks/B10-11303.pdf
905 _a167
942 _2ddc
_cBK
_e21
_n0
999 _c72948
_d72948